| 000 | 00825nam a22002537a 4500 | ||
|---|---|---|---|
| 999 |
_c14855 _d14855 |
||
| 003 | AR-CdUCM | ||
| 008 | 190424b ||||| |||| 00| 0 spa d | ||
| 020 | _a978-958-30-5081-7 | ||
| 040 |
_aMUNICIPALIDAD PROVINCIAL DEL CUSCO _cBIBLIOTECA MUNICIPAL DEL CUSCO |
||
| 041 | _heng | ||
| 082 |
_aPI / 800 / _bB36 |
||
| 100 |
_aBeigel, Christine _933799 |
||
| 245 | _aLa oveja que no podía dormir / | ||
| 260 |
_aBogota : _bPanamericana, _c2016. |
||
| 300 |
_a22 páginas ; _bilustraciones, _c23 cm. |
||
| 440 |
_aMamá gallina te cuenta. _933800 |
||
| 650 |
_aCuentos infantiles _93927 |
||
| 650 |
_aLiteratura infantil _9588 |
||
| 650 |
_aSiglo XXI _92856 |
||
| 700 |
_aSalgar, Jorge Eduardo (traducción) _933801 |
||
| 700 |
_aLe Goff, Hervé (ilustración) _933802 |
||
| 942 |
_2ddc _cLIBROS |
||
| 945 |
_aachl _d2019-04-24 |
||